000
00436nam a2200145Ia 4500
008
100204s9999 xx 000 0 und d
082
_b
17686
100
_a
काळे वैजयंती
245
_a
सार्थक
260
_b
"राजेंद्र पब्लिकेशन्स , पुणे 30"
_c
1994
300
_a
190
630
_a
सार्थक
730
_a
सार्थक
942
_c
BOOK
999
_c
462109
_d
462106